| 000 | 00715nam a2200229Ii 4500 | ||
|---|---|---|---|
| 003 | JO-AjNU | ||
| 008 | 230605s9999||||xx |||||||||||||| ||und|| | ||
| 017 | _a98/2866 | ||
| 020 | _a977-232-126-2 | ||
| 040 |
_aJO-AjNU _bara _erda _cJO-AjNU |
||
| 041 | _aara | ||
| 050 | 1 | 4 | _aBP64.G4664.1998 |
| 100 | 3 |
_aالغنيمي،عبد الفتاح مقلد, _eauthor _921090 |
|
| 245 | 0 | 0 | _aالإسلام والمسلمون في شرق أفريقيا |
| 250 | _aط1 | ||
| 264 | 3 | 1 | _aالقاهرة:عالم الكتب ،1998 |
| 300 | _a267ص | ||
| 336 |
_atext _btxt _2rdacontent |
||
| 337 |
_aunmediated _bn _2rdamedia |
||
| 338 |
_avolume _bnc _2rdacarrier |
||
| 650 | 4 |
_aالاسلام-شرق افريقيا _921091 |
|
| 999 |
_aA7269 _c10837 _d10837 |
||